000
00212nam a22000857a 4500
008
170109b xxu||||| |||| 00| 0 eng d
100
_9
2280
_a
Purang.Y.P.
245
_a
CCE Science-IX-T-I
260
_a
New Delhi
_b
APC
_c
2011
999
_c
5169
_d
5169